[Event "Frankfurt Ch 2007"]
[Site "Ffm-Kalbach, LAZ"]
[Date "2007.05.21"]
[Round "4.1"]
[White "Schlamp, Robert"]
[Black "Milov, Leonid"]
[Result "1/2-1/2"]
[WhiteElo "2302"]
[BlackElo "2482"]
[PlyCount "68"]
[EventDate "2007.??.??"]

1. e4 c5 2. d4 cxd4 3. c3 dxc3 4. Nxc3 e6 5. Nf3 a6 6. Bc4 b5 7. Bb3 Bb7 8. Qe2
d6 9. O-O Nd7 10. Bf4 Ngf6 11. Rfe1 Be7 12. Rad1 O-O 13. Bxd6 b4 14. Na4 Nxe4
15. Bf4 Qe8 16. Bc2 Ndf6 17. Nd4 Rd8 18. Be5 Rd5 19. f4 Bd6 20. Nf3 Qe7 21. Rc1
Rd8 22. Kh1 Ra5 23. Nb6 Bc5 24. Nc4 Nf2+ 25. Kg1 Nd3+ 26. Kf1 Nxc1 27. Rxc1 Rb5
28. Ba4 Ng4 29. Bxb5 axb5 30. Ncd2 Ne3+ 31. Ke1 f6 32. Nb3 Bb6 33. Bd4 Nxg2+
34. Qxg2 Bxd4 {...} 1/2-1/2

[Event "Frankfurt Ch 2007"]
[Site "Ffm-Kalbach, LAZ"]
[Date "2007.05.21"]
[Round "4.2"]
[White "Telljohann, Sven"]
[Black "Uwira, Oliver"]
[Result "0-1"]
[WhiteElo "2419"]
[BlackElo "2291"]
[PlyCount "64"]
[EventDate "2007.??.??"]

1. c4 e6 2. Nf3 d5 3. b3 Nf6 4. g3 Be7 5. Bg2 O-O 6. Bb2 c5 7. O-O Nc6 8. cxd5
exd5 9. d4 Re8 10. Nc3 Ne4 11. dxc5 Bf6 12. Nxe4 Bxb2 13. Nd6 Re7 14. Rb1 Ba3
15. Qxd5 Be6 16. Qh5 f6 17. Nh4 Ne5 18. Rbd1 Bxc5 19. Ne4 Qc8 20. Nxc5 Bg4 21.
Ng6 hxg6 22. Bd5+ Rf7 23. Bxf7+ Kxf7 24. Ne4 Qc6 25. Ng5+ fxg5 26. Qxg5 Bh3 27.
f3 Qc5+ 28. Kh1 Bxf1 29. Rxf1 Re8 30. f4 Qd5+ 31. Kg1 Qd4+ 32. Rf2 Nd3 0-1

[Event "Frankfurt Ch 2007"]
[Site "Ffm-Kalbach, LAZ"]
[Date "2007.05.21"]
[Round "4.3"]
[White "Schwenkreis, Thomas"]
[Black "Legde, Georg"]
[Result "1/2-1/2"]
[WhiteElo "2054"]
[BlackElo "2353"]
[PlyCount "101"]
[EventDate "2007.??.??"]

1. Nf3 c5 2. b3 d6 3. Bb2 e5 4. e3 e4 5. Ng1 Nf6 6. c4 Nc6 7. f3 Bf5 8. fxe4
Nxe4 9. Nf3 Be7 10. g3 Bf6 11. Qc1 h5 12. d3 Ng5 13. Nh4 Bg4 14. Bg2 Bxb2 15.
Qxb2 Qe7 16. Kd2 O-O 17. Nc3 Qd7 18. Nd5 Ne7 19. Nf4 Ne6 20. h3 Nxf4 21. gxf4
Be6 22. Rag1 f6 23. Bf3 d5 24. cxd5 Bxd5 25. e4 Bc6 26. Rg2 Rad8 27. Qc3 Kh7
28. Rhg1 Rg8 29. Kc2 Bb5 30. Be2 Qxh3 31. Nf3 Qe6 32. f5 Qa6 33. a4 Be8 34. Rh1
Bf7 35. Nd2 Rh8 36. Bxh5 Bxh5 37. Rxh5+ Kg8 38. Rxh8+ Kxh8 39. Nc4 Nc6 40. Rg3
Nb4+ 41. Kd2 Rd4 42. Qc1 Kg8 43. Qg1 Rd7 44. Qxc5 Nc6 45. Kc3 Rd8 46. Nd6 Ne7
47. e5 Kf8 48. exf6 gxf6 49. Nc4 Qc6 50. Qg1 Qd5 51. Rh3 {...} 1/2-1/2

[Event "Frankfurt Ch 2007"]
[Site "Ffm-Kalbach, LAZ"]
[Date "2007.05.21"]
[Round "4.4"]
[White "Kästle, Rainer"]
[Black "Reschke, Stefan"]
[Result "0-1"]
[WhiteElo "1980"]
[BlackElo "2387"]
[PlyCount "134"]
[EventDate "2007.??.??"]

1. d4 Nf6 2. Nf3 g6 3. c4 Bg7 4. Nc3 O-O 5. Bf4 d6 6. e3 Nbd7 7. Be2 c5 8. O-O
Qa5 9. Qa4 Qxa4 10. Nxa4 b6 11. Rac1 Bb7 12. Rfd1 Rac8 13. Bg3 Ne4 14. Nc3 Nxg3
15. hxg3 cxd4 16. Nxd4 Ne5 17. Nd5 Rfe8 18. b3 Nc6 19. Nxc6 Bxc6 20. Bf3 Bxd5
21. Bxd5 Bb2 22. Rc2 Ba3 23. Re2 Rc7 24. g4 h6 25. Kf1 Kg7 26. Bf3 e6 27. Red2
Rec8 28. Be4 a5 29. Ke2 Bb4 30. Rb2 Ba3 31. Rbd2 Ra7 32. f4 a4 33. Rb1 Bb4 34.
Rc2 a3 35. Rbc1 Ra5 36. Bf3 Rac5 37. Kd3 Re8 38. g3 Rc7 39. Rh1 Rec8 40. Rhc1
Rc5 41. Be4 h5 42. g5 Re8 43. Bf3 Rc7 44. Rh1 Kf8 45. g4 hxg4 46. Rh8+ Ke7 47.
Rxe8+ Kxe8 48. Bxg4 Ke7 49. e4 Rc8 50. Rh2 b5 51. Rh7 bxc4+ 52. bxc4 Rg8 53.
Bd1 Be1 54. Rh3 Bb4 55. Bb3 Rb8 56. Rh7 Rg8 57. Ba4 Bc5 58. Rh3 Kf8 59. Rh7 Bb6
60. Ke2 Bd4 61. Kf3 Ke7 62. Bb3 Rb8 63. f5 Rxb3+ 64. axb3 a2 65. Rh1 a1=Q 66.
Rxa1 Bxa1 67. fxg6 fxg6 0-1

[Event "Frankfurt Ch 2007"]
[Site "Ffm-Kalbach, LAZ"]
[Date "2007.05.21"]
[Round "4.5"]
[White "Klundt, Klaus"]
[Black "Kreiling, Carsten"]
[Result "1-0"]
[WhiteElo "2378"]
[BlackElo "2140"]
[PlyCount "113"]
[EventDate "2007.??.??"]

1. e4 c5 2. Nf3 Nc6 3. Bb5 Nd4 4. Nxd4 cxd4 5. O-O g6 6. d3 Bg7 7. Nd2 Nf6 8.
Nf3 Qb6 9. Ba4 O-O 10. e5 Ng4 11. Qe1 d6 12. Bg5 f6 13. exf6 exf6 14. Bd2 Ne5
15. Nxe5 fxe5 16. Bb3+ Kh8 17. f4 Bd7 18. Qh4 e4 19. dxe4 d3+ 20. Kh1 dxc2 21.
Bc3 Bxc3 22. bxc3 Qe3 23. Bxc2 Qxc3 24. Bb3 Bc6 25. f5 gxf5 26. Bd5 Bxd5 27.
exd5 Rae8 28. Rac1 Qd3 29. Rfd1 Qe4 30. Qf2 Qe3 31. Qb2+ Re5 32. Qxb7 f4 33.
Rf1 f3 34. gxf3 Rg8 35. Rc8 Reg5 36. Qb2+ Qe5 37. Rxg8+ Kxg8 38. Qb8+ Kg7 39.
Qxa7+ Kh6 40. Qf7 Qxd5 41. Qxd5 Rxd5 42. a4 Ra5 43. Ra1 Kg5 44. Kg2 Kf4 45. Kf2
d5 46. Ra3 d4 47. Ke2 h5 48. Kd3 Kxf3 49. Kxd4+ Kg2 50. h4 Rf5 51. a5 Rf4+ 52.
Ke5 Rxh4 53. a6 Rg4 54. a7 Rg8 55. a8=Q+ Rxa8 56. Rxa8 h4 57. Kf4 1-0

[Event "Frankfurt Ch 2007"]
[Site "Ffm-Kalbach, LAZ"]
[Date "2007.05.21"]
[Round "4.6"]
[White "Benikhis, Avram"]
[Black "Behnick, Eckhard"]
[Result "0-1"]
[WhiteElo "1797"]
[BlackElo "2169"]
[PlyCount "94"]
[EventDate "2007.??.??"]

1. d4 Nf6 2. c4 e6 3. Nc3 d5 4. Bg5 Be7 5. Nf3 O-O 6. e3 Nbd7 7. Bd3 Re8 8. O-O
b6 9. Rc1 Bb7 10. cxd5 exd5 11. Bf5 a6 12. Qc2 c5 13. Ne5 Nxe5 14. dxe5 Ne4 15.
Bf4 Nxc3 16. bxc3 g6 17. Bg4 Bf8 18. Bg3 Bg7 19. f4 f6 20. f5 fxe5 21. fxg6 Qg5
22. gxh7+ Kh8 23. Rf7 Bc6 24. Bd7 Bxd7 25. Rxd7 d4 26. e4 Rad8 27. Rxd8 Rxd8
28. cxd4 exd4 29. Rd1 Kxh7 30. e5+ Qg6 31. Qxg6+ Kxg6 32. e6 Re8 33. Re1 Bh6
34. e7 d3 35. Re6+ Kh7 36. Kf1 Bg5 37. h4 Rxe7 38. Rd6 Rf7+ 39. Ke1 d2+ 40. Ke2
Bh6 41. Rxb6 Rf1 42. Rxh6+ Kxh6 43. Kxd2 Kh5 44. Bd6 Rf2+ 45. Ke3 Rxg2 46. Bxc5
Rxa2 47. Be7 Kg4 {...} 0-1

[Event "Frankfurt Ch 2007"]
[Site "Ffm-Kalbach, LAZ"]
[Date "2007.05.21"]
[Round "4.7"]
[White "Gutacker, Stephan"]
[Black "Orwatsch, Gerhard"]
[Result "0-1"]
[WhiteElo "1980"]
[BlackElo "2082"]
[PlyCount "36"]
[EventDate "2007.??.??"]

1. e4 g6 2. d4 Bg7 3. Nc3 c6 4. Bc4 d5 5. exd5 b5 6. Bb3 b4 7. Na4 cxd5 8. Ne2
Nf6 9. O-O O-O 10. Bf4 Nc6 11. Nc5 a5 12. Ba4 Qb6 13. c3 Nd7 14. Rc1 e5 15.
dxe5 Nxc5 16. Bxc6 Qxc6 17. cxb4 axb4 18. Qd4 Qa6 0-1

[Event "Frankfurt Ch 2007"]
[Site "Ffm-Kalbach, LAZ"]
[Date "2007.05.21"]
[Round "4.8"]
[White "Solonar, Stefan"]
[Black "Syed, Tareq"]
[Result "1/2-1/2"]
[WhiteElo "2345"]
[BlackElo "2101"]
[PlyCount "55"]
[EventDate "2007.??.??"]

1. Nf3 Nf6 2. c4 d6 3. d4 Nbd7 4. Nc3 e5 5. e4 Be7 6. Be2 O-O 7. O-O c6 8. Qc2
Re8 9. Rd1 Bf8 10. Rb1 a6 11. a3 Qc7 12. b4 b6 13. Bb2 exd4 14. Nxd4 Bb7 15.
Nf5 d5 16. exd5 cxd5 17. Qb3 dxc4 18. Bxc4 Ne5 19. Bd5 Nfg4 20. f4 Nd3 21.
Bxf7+ Kh8 22. Qc4 Qxc4 23. Bxc4 Nxb2 24. Rxb2 Rac8 25. Bf7 Red8 26. Rxd8 Rxd8
27. h3 Nf6 28. Ne2 1/2-1/2

[Event "Frankfurt Ch 2007"]
[Site "Ffm-Kalbach, LAZ"]
[Date "2007.05.21"]
[Round "4.9"]
[White "Isserman, Ryhor"]
[Black "Henzner, Reiner"]
[Result "1-0"]
[WhiteElo "2296"]
[BlackElo "2111"]
[PlyCount "91"]
[EventDate "2007.??.??"]

1. e4 e5 2. Nf3 Nf6 3. Nxe5 d6 4. Nf3 Nxe4 5. Nc3 Nxc3 6. dxc3 Be7 7. Be3 Bg4
8. h3 Bxf3 9. Qxf3 Nd7 10. O-O-O O-O 11. Kb1 Bg5 12. Bxg5 Qxg5 13. Qxb7 Rab8
14. Qd5 Qxd5 15. Rxd5 Rfe8 16. Bb5 Re5 17. Rxe5 Nxe5 18. Be2 Kf8 19. Rd1 Nd7
20. Kc1 Nc5 21. Rd4 Ke7 22. b3 Rf8 23. Bf3 Kd7 24. Kd2 f5 25. h4 g6 26. Rc4 Kc8
27. b4 Nd7 28. Rf4 h5 29. a4 Ne5 30. Be2 Re8 31. g3 Re7 32. Rd4 Nc6 33. Rd5 Ne5
34. f4 Nd7 35. Rd4 Nf6 36. Bf3 Kd8 37. c4 Kc8 38. a5 Re8 39. a6 Rd8 40. c5 Kd7
41. c4 Ke7 42. cxd6+ Rxd6 43. Rxd6 Kxd6 44. c5+ Ke7 45. Kd3 Ke6 46. b5 1-0

[Event "Frankfurt Ch 2007"]
[Site "Ffm-Kalbach, LAZ"]
[Date "2007.05.21"]
[Round "4.10"]
[White "Sadeghi, Behrang"]
[Black "Noble, Alexander"]
[Result "1-0"]
[WhiteElo "2283"]
[BlackElo "2105"]
[PlyCount "121"]
[EventDate "2007.??.??"]

1. e4 d5 2. exd5 Qxd5 3. Nc3 Qa5 4. Bc4 Nf6 5. d4 c6 6. Qe2 Bg4 7. f3 Bf5 8.
Bd2 Qb6 9. O-O-O Qxd4 10. Be3 Qe5 11. Rd8+ Kxd8 12. Bb6+ axb6 13. Qxe5 Bg6 14.
Nge2 Nbd7 15. Rd1 Kc8 16. Qg3 e6 17. Nf4 Be7 18. h4 Ra5 19. Qe1 Re5 20. Qh1 Nd5
21. Bxd5 exd5 22. Kb1 f6 23. g3 Bf7 24. a3 Bd6 25. Nd3 Re3 26. g4 Rhe8 27. h5
Nc5 28. Nc1 Kc7 29. Qf1 Ne6 30. Nd3 Nf4 31. Nxf4 Bxf4 32. Qf2 b5 33. Qf1 Bg3
34. Qg2 Bd6 35. Qf2 Bc5 36. Qf1 g6 37. hxg6 hxg6 38. Qh1 R8e7 39. Qf1 f5 40.
Qg2 d4 41. Na2 Re1 42. Qg3+ R1e5 43. Nc1 Bd6 44. Rxd4 Rd5 45. Qf2 f4 46. Rxd5
Bxd5 47. Nd3 Re3 48. Qh4 Kb6 49. Qf6 Re6 50. Qd4+ Kc7 51. b3 Bxf3 52. Nxf4 Re1+
53. Ka2 Bxg4 54. Nd3 Rd1 55. Qxg4 Rd2 56. Kb2 Rh2 57. Qxg6 Re2 58. b4 Re7 59.
Kb3 Re3 60. Qg7+ Re7 61. Qd4 {...} 1-0

[Event "Frankfurt Ch 2007"]
[Site "Ffm-Kalbach, LAZ"]
[Date "2007.05.21"]
[Round "4.11"]
[White "Zuyev, Igor"]
[Black "Gramlich, Sebastian"]
[Result "0-1"]
[WhiteElo "2172"]
[BlackElo "2248"]
[PlyCount "88"]
[EventDate "2007.??.??"]

1. e4 c5 2. Nc3 Nc6 3. f4 g6 4. Nf3 Bg7 5. Bb5 Nd4 6. O-O Nxb5 7. Nxb5 d5 8.
exd5 a6 9. Nc3 Nf6 10. d3 O-O 11. Qe2 Re8 12. Ne5 Nxd5 13. Ne4 b6 14. Bd2 e6
15. c4 Ne7 16. Bc3 Nf5 17. g4 Nd4 18. Qf2 Bb7 19. Bxd4 cxd4 20. Rae1 f6 21. Nf3
f5 22. gxf5 exf5 23. Neg5 Qd6 24. Ne5 Bxe5 25. fxe5 Qc6 26. Nf3 Rad8 27. h3 Rd7
28. Qg3 Rde7 29. Kh2 Qc5 30. b4 Qxb4 31. Nh4 Qd2+ 32. Kg1 Kh8 33. e6 Qh6 34.
Kh2 Qg7 35. Qd6 Qf6 36. Rf4 Rxe6 37. Rxe6 Qxe6 38. Qxe6 Rxe6 39. Rxd4 Bc6 40.
Rd8+ Kg7 41. d4 Re2+ 42. Kg3 Be4 43. Kf4 Rxa2 44. Rd7+ Kh6 0-1

[Event "Frankfurt Ch 2007"]
[Site "Ffm-Kalbach, LAZ"]
[Date "2007.05.21"]
[Round "4.13"]
[White "Minor, Samuel"]
[Black "Krüger, Till"]
[Result "1/2-1/2"]
[WhiteElo "2137"]
[BlackElo "2048"]
[PlyCount "110"]
[EventDate "2007.??.??"]

1. e4 d6 2. d4 Nf6 3. Nc3 g6 4. Be3 c6 5. Qd2 Nbd7 6. f3 b5 7. g4 Nb6 8. h4 h5
9. g5 Nfd7 10. d5 Ne5 11. Bd4 b4 12. Nd1 c5 13. Bxe5 dxe5 14. Bb5+ Bd7 15.
Bxd7+ Qxd7 16. Ne3 Qb5 17. Ne2 Rd8 18. b3 Nc8 19. a3 e6 20. c4 Qb6 21. Nc1 Be7
22. Qb2 O-O 23. Nd3 Bd6 24. Ke2 Ne7 25. Nxe5 Qc7 26. Nd3 exd5 27. e5 dxc4 28.
Nxc4 Nf5 29. exd6 Rfe8+ 30. Kf2 Rxd6 31. Rae1 Red8 32. Qe5 Qb7 33. Nxd6 Rxd6
34. Nxc5 Qb6 35. axb4 Qxb4 36. Ne4 Re6 37. Qc3 Qb6+ 38. Qc5 Qb8 39. Rhg1 Ra6
40. Nf6+ Rxf6 41. gxf6 Qh2+ 42. Rg2 Qxh4+ 43. Ke2 Nd4+ 44. Kd1 Qxf6 45. Qe5
Qxf3+ 46. Kc1 Qc3+ 47. Kb1 Qxb3+ 48. Rb2 Qd3+ 49. Ka2 Qa6+ 50. Kb1 Qd3+ 51. Ka1
Qa3+ 52. Ra2 Qc3+ 53. Kb1 Qb3+ 54. Kc1 Qc3+ 55. Kb1 Qb3+ 1/2-1/2

[Event "Frankfurt Ch 2007"]
[Site "Ffm-Kalbach, LAZ"]
[Date "2007.05.21"]
[Round "4.14"]
[White "Koch, Ulrich"]
[Black "Rubel, Julian"]
[Result "0-1"]
[WhiteElo "1839"]
[BlackElo "2125"]
[PlyCount "85"]
[EventDate "2007.??.??"]

1. d4 Nf6 2. Bf4 e6 3. e3 c5 4. c3 cxd4 5. cxd4 a6 6. Bd3 b5 7. Nf3 Bb7 8. O-O
Qb6 9. h3 Nc6 10. a3 Be7 11. Nbd2 O-O 12. b4 Rfc8 13. Qb3 d6 14. Rac1 Rc7 15.
Bb1 Rac8 16. Rc2 a5 17. Rfc1 axb4 18. axb4 Nd5 19. Bg3 Ndxb4 20. Rc3 Nd5 21.
R3c2 Na5 22. Qd3 g6 23. Rxc7 Rxc7 24. Rxc7 Nxc7 25. h4 Nc4 26. h5 Qc6 27. hxg6
hxg6 28. e4 Ba6 29. Bh4 Bf8 30. Bf6 Ne8 31. d5 Qc7 32. Bd4 e5 33. Be3 Nxe3 34.
Qxe3 Nf6 35. Kh1 Qc1+ 36. Qe1 Qc7 37. Kg1 Bh6 38. Qe2 Qc1+ 39. Nf1 Qc7 40. Bd3
Qc5 41. Qa2 Qb6 42. g3 Nd7 43. N1d2 0-1

[Event "Frankfurt Ch 2007"]
[Site "Ffm-Kalbach, LAZ"]
[Date "2007.05.21"]
[Round "4.15"]
[White "Enders, Georg"]
[Black "Henrich, Thomas"]
[Result "0-1"]
[WhiteElo "2042"]
[BlackElo "2179"]
[PlyCount "58"]
[EventDate "2007.??.??"]

1. e4 c5 2. Nf3 d6 3. d4 cxd4 4. Nxd4 Nf6 5. Nc3 a6 6. Be3 e5 7. Nb3 Be6 8. Be2
Be7 9. Qd2 Nbd7 10. O-O b5 11. a3 Rc8 12. Rad1 O-O 13. f3 Nb6 14. Na5 d5 15.
exd5 Nbxd5 16. Nxd5 Nxd5 17. Nb3 Nxe3 18. Qxe3 Qc7 19. Rc1 h6 20. f4 exf4 21.
Qe4 Rfe8 22. Bd3 g6 23. Qf3 Bxb3 24. cxb3 Qxc1 25. Rxc1 Rxc1+ 26. Bf1 Bc5+ 27.
Kh1 Ree1 28. Qa8+ Kg7 29. g3 f3 0-1

[Event "Frankfurt Ch 2007"]
[Site "Ffm-Kalbach, LAZ"]
[Date "2007.05.21"]
[Round "4.16"]
[White "Matzies, Alexander"]
[Black "Kayser, Felix"]
[Result "0-1"]
[WhiteElo "1995"]
[BlackElo "2194"]
[PlyCount "84"]
[EventDate "2007.??.??"]

1. e4 d5 2. exd5 Qxd5 3. Nc3 Qd6 4. Bc4 a6 5. d4 Nf6 6. Nge2 b5 7. Bb3 Bb7 8.
O-O e6 9. Bf4 Qc6 10. f3 Bd6 11. Qd2 O-O 12. Ng3 Nbd7 13. Nce4 Bxf4 14. Qxf4
Qb6 15. Nxf6+ Nxf6 16. Kh1 Rad8 17. Rad1 Rd7 18. Rd2 Rfd8 19. Rfd1 a5 20. c3 h6
21. a4 Bc6 22. axb5 Qxb5 23. Bc2 Kf8 24. Bd3 Qb6 25. Ne4 Nd5 26. Qe5 Ne7 27.
Nc5 Rd6 28. Be4 Bd5 29. Re1 Nc6 30. Qf4 Bc4 31. Rf2 e5 32. Qf5 g6 33. Qh3 exd4
34. Qxh6+ Kg8 35. Bxc6 Qxc5 36. Be4 dxc3 37. Rc2 Rd1 38. Rc1 Rxe1+ 39. Rxe1 Qf2
40. Rg1 Qd2 41. f4 Bd5 42. Bxg6 Bxg2+ 0-1

[Event "Frankfurt Ch 2007"]
[Site "Ffm-Kalbach, LAZ"]
[Date "2007.05.21"]
[Round "4.17"]
[White "Benninger, Rudolf"]
[Black "Goldt, Rainer"]
[Result "1/2-1/2"]
[WhiteElo "2130"]
[BlackElo "1876"]
[PlyCount "98"]
[EventDate "2007.??.??"]

1. e4 e6 2. d4 d5 3. e5 c5 4. c3 Qb6 5. Nf3 Bd7 6. a3 cxd4 7. cxd4 Bb5 8. Bxb5+
Qxb5 9. Nc3 Qd7 10. O-O Ne7 11. b4 Nbc6 12. Qd3 h5 13. Bg5 Nf5 14. h4 Be7 15.
Bxe7 Ncxe7 16. Rfe1 O-O 17. b5 Rfc8 18. Ne2 Rc7 19. Rac1 Rac8 20. Rxc7 Rxc7 21.
Nc3 Rc4 22. Rb1 Qc7 23. Rb3 b6 24. g3 g6 25. Kg2 Kg7 26. Ne2 Qc8 27. Nd2 Kh7
28. Qf3 Rc7 29. Qd3 Kg7 30. a4 Qd7 31. Ra3 Nc8 32. Nc3 Qe7 33. Rb3 Qd7 34. Ne2
Nce7 35. Ra3 Nc8 36. Nc3 Qe7 37. Rb3 Qd7 38. Na2 Nce7 39. Nb4 Qc8 40. Nf3 Rc4
41. Qd2 Kh7 42. Qg5 Ng8 43. Qf4 Nge7 44. Qg5 Ng8 45. Nc6 Rxa4 46. Rc3 a5 47.
Qc1 Rc4 48. Rxc4 dxc4 49. Qxc4 Nge7 1/2-1/2

[Event "Frankfurt Ch 2007"]
[Site "Ffm-Kalbach, LAZ"]
[Date "2007.05.21"]
[Round "4.18"]
[White "Rasche, Hannes"]
[Black "Schell, Walter"]
[Result "1/2-1/2"]
[WhiteElo "2009"]
[BlackElo "2139"]
[PlyCount "103"]
[EventDate "2007.??.??"]

1. d4 d5 2. Nf3 e6 3. c4 c5 4. cxd5 exd5 5. Nc3 Nc6 6. e3 Nf6 7. Be2 a6 8. a3
Bd6 9. O-O O-O 10. dxc5 Bxc5 11. b4 Ba7 12. b5 axb5 13. Nxb5 Bb8 14. Bb2 Ne4
15. Qb3 Nc5 16. Qc3 Ne6 17. Rfd1 Ra4 18. Qb3 Rg4 19. Rxd5 Qe7 20. Qc2 Rg6 21.
Rh5 f5 22. Rxf5 Rxf5 23. Qxf5 Rxg2+ 24. Kf1 Rg6 25. Bc4 Qf8 26. Qxf8+ Kxf8 27.
Bd3 Rh6 28. Rc1 Bxh2 29. Nxh2 Rxh2 30. Kg1 Rh5 31. a4 Ke8 32. Nd6+ Kd7 33. Nxc8
Kxc8 34. Be4 Kc7 35. Bf3 Ra5 36. Rc4 g6 37. Bc3 Rg5+ 38. Kh2 h5 39. a5 Rc5 40.
Rxc5 Nxc5 41. Kg3 Nb3 42. Be4 Nbxa5 43. Bxg6 b5 44. Bxh5 b4 45. Bf6 Nc4 46. Be2
N6a5 47. Bd3 b3 48. Bc3 b2 49. Bxa5+ Nxa5 50. Kf3 Nb3 51. Ke4 Nd2+ 52. Ke5
1/2-1/2

[Event "Frankfurt Ch 2007"]
[Site "Ffm-Kalbach, LAZ"]
[Date "2007.05.21"]
[Round "4.19"]
[White "Svitek, Volker"]
[Black "Adair, Robin"]
[Result "1-0"]
[WhiteElo "2133"]
[BlackElo "2009"]
[PlyCount "91"]
[EventDate "2007.??.??"]

1. b4 c6 2. Bb2 a5 3. bxa5 Qxa5 4. Nf3 Nf6 5. e3 g6 6. c4 Bg7 7. Be2 O-O 8. O-O
d6 9. d4 Bf5 10. Nbd2 Na6 11. Qb3 c5 12. Bc3 Qc7 13. Nh4 cxd4 14. exd4 Be6 15.
Rfb1 Rfb8 16. Qb6 Qxb6 17. Rxb6 Nd7 18. Rb3 Nac5 19. dxc5 Nxc5 20. Bxg7 Nxb3
21. axb3 Kxg7 22. Rxa8 Rxa8 23. f4 Ra2 24. Nhf3 Bf5 25. Kf2 e5 26. Ke3 f6 27.
g3 h6 28. Bd3 Bxd3 29. Kxd3 b6 30. Kc3 g5 31. fxg5 hxg5 32. Ne4 g4 33. Nh4 Rxh2
34. Nxd6 Rf2 35. b4 Kf8 36. Nc8 Ke8 37. Nxb6 f5 38. c5 f4 39. c6 Kd8 40. Nd5
fxg3 41. b5 g2 42. Nxg2 Rxg2 43. b6 Rg1 44. b7 Rc1+ 45. Kb2 Rxc6 46. b8=Q+ 1-0

[Event "Frankfurt Ch 2007"]
[Site "Ffm-Kalbach, LAZ"]
[Date "2007.05.21"]
[Round "4.20"]
[White "Larem, Peter"]
[Black "Kabir, Razaul"]
[Result "0-1"]
[WhiteElo "1962"]
[BlackElo "2101"]
[PlyCount "104"]
[EventDate "2007.??.??"]

1. e4 c5 2. c3 e6 3. d4 d5 4. exd5 exd5 5. Nf3 Nf6 6. Be2 Qb6 7. O-O Be7 8.
dxc5 Bxc5 9. Nd4 Nc6 10. Bb5 O-O 11. Bxc6 bxc6 12. Nb3 Bg4 13. Qd3 Bd6 14. Be3
Qc7 15. h3 Be6 16. N1d2 c5 17. Qe2 a5 18. Nf3 a4 19. Nbd2 h6 20. Rfd1 Ne4 21.
Nxe4 dxe4 22. Nd2 f5 23. Nc4 Bh2+ 24. Kh1 f4 25. Bd2 f3 26. Qxe4 fxg2+ 27. Qxg2
Bxc4 28. Qxh2 Qc6+ 29. Kg1 Rf6 30. Bf4 Qf3 31. Bg3 Bd5 32. Rd2 Ra7 33. Rad1 Be4
34. Rd8+ Kh7 35. Re1 Rb7 36. Re8 Bc6 37. R8e3 Qd5 38. Re5 Qxa2 39. Rxc5 Bf3 40.
h4 Rxb2 41. Qh3 Rb1 42. Rce5 Rxe1+ 43. Rxe1 Qc4 44. Rc1 a3 45. Qf1 Be2 46. Qe1
a2 47. Ra1 Rb6 48. Kh2 Rb2 49. Qc1 Qb5 50. Qe3 Bd3 51. Be5 Re2 52. Rg1 Qxe5+
0-1

[Event "Frankfurt Ch 2007"]
[Site "Ffm-Kalbach, LAZ"]
[Date "2007.05.21"]
[Round "4.21"]
[White "Fröhlich-Dill, Astrid"]
[Black "Schreiner, Roland"]
[Result "0-1"]
[WhiteElo "1948"]
[BlackElo "1970"]
[PlyCount "60"]
[EventDate "2007.??.??"]

1. d4 d5 2. c4 e6 3. Nc3 c5 4. cxd5 exd5 5. Nf3 Nc6 6. e3 Nf6 7. Be2 Bd6 8. O-O
O-O 9. b3 Bg4 10. Nb5 Be7 11. dxc5 Bxc5 12. Bb2 Ne4 13. Rc1 Re8 14. Nfd4 Bxe2
15. Nxe2 Rc8 16. Nf4 Nxf2 17. Rxf2 Bxe3 18. Rcc2 Bxf2+ 19. Rxf2 Qa5 20. Nc3 d4
21. Nce2 Re4 22. Rf1 Rce8 23. Ng3 Rxf4 24. Qc2 Rxf1+ 25. Nxf1 Qe1 26. Qf5 g6
27. Qf6 Re6 28. Qf3 Kg7 29. Qd3 Rf6 30. g4 Qf2+ 0-1

[Event "Frankfurt Ch 2007"]
[Site "Ffm-Kalbach, LAZ"]
[Date "2007.05.21"]
[Round "4.22"]
[White "Janotta, Steffi"]
[Black "Rätsch, Kurt"]
[Result "1-0"]
[WhiteElo "2028"]
[BlackElo "2080"]
[PlyCount "126"]
[EventDate "2007.??.??"]

1. e4 c5 2. Nf3 Nc6 3. d4 cxd4 4. Nxd4 e5 5. Nb5 a6 6. Nd6+ Bxd6 7. Qxd6 Qe7 8.
Qc7 Nf6 9. Nc3 O-O 10. Bg5 Qb4 11. O-O-O Ne8 12. a3 Qxc3 13. Qxc8 Qxc2+ 14.
Kxc2 Rxc8 15. Kb1 h6 16. Bh4 g5 17. Bg3 Nf6 18. Rd6 Nxe4 19. Rxh6 Kg7 20. Rh5
Kg6 21. Rh3 Nd2+ 22. Ka2 Nxf1 23. Rxf1 d5 24. f3 d4 25. Rd1 f6 26. Be1 Rfe8 27.
Rg3 Rh8 28. h3 Ne7 29. f4 Nf5 30. Rb3 Ne3 31. Rd2 b5 32. fxe5 fxe5 33. Bf2 Nc4
34. Re2 Rhe8 35. Rg3 Kh5 36. h4 gxh4 37. Rh3 Nd6 38. Bxh4 Kg6 39. Rg3+ Kf5 40.
Rg5+ Kf4 41. Rg6 Ne4 42. Rg7 Rf8 43. Be7 d3 44. Re1 d2 45. Rf1+ Ke3 46. Bxf8
Rxf8 47. Rg1 Ke2 48. Rd7 Nf2 49. Kb3 a5 50. Rd5 a4+ 51. Kb4 e4 52. Kxb5 Rb8+
53. Kxa4 Rxb2 54. g4 Rc2 55. g5 Rc1 56. Rg2 e3 57. g6 Rc8 58. g7 Kf3 59. g8=Q
Rxg8 60. Rxg8 d1=Q+ 61. Rxd1 Nxd1 62. Kb4 e2 63. Rf8+ Kg2 1-0

[Event "Frankfurt Ch 2007"]
[Site "Ffm-Kalbach, LAZ"]
[Date "2007.05.21"]
[Round "4.23"]
[White "Von Auer, Ulrich"]
[Black "Tierling, Detlef"]
[Result "0-1"]
[WhiteElo "2130"]
[BlackElo "2042"]
[PlyCount "106"]
[EventDate "2007.??.??"]

1. e4 e6 2. d4 d5 3. Nd2 Nf6 4. e5 Nfd7 5. Bd3 c5 6. c3 b6 7. Qa4 Bb7 8. Ne2
Qc8 9. Qd1 Ba6 10. Bb1 Nc6 11. Nf3 Qc7 12. Be3 f5 13. Nf4 Nd8 14. Nd3 cxd4 15.
cxd4 Be7 16. O-O Nf7 17. Qd2 Bxd3 18. Bxd3 O-O 19. Ba6 Nb8 20. Bb5 a6 21. Rfc1
Qd8 22. Be2 g5 23. g3 g4 24. Ne1 Ng5 25. Nd3 Nd7 26. Bxg5 Bxg5 27. Nf4 Rf7 28.
Rc6 Nf8 29. Rac1 b5 30. Kg2 h5 31. Rd6 Rd7 32. Rcc6 Rxd6 33. Rxd6 Qe8 34. Qa5
Bxf4 35. gxf4 Ng6 36. Rxa6 Nxf4+ 37. Kf1 Rc8 38. Qd2 Ng6 39. Qg5 Rc7 40. Bxb5
Qxb5+ 41. Kg2 Qxa6 42. Qd8+ Nf8 43. Qxc7 Qxa2 44. Qc1 Qa7 45. Qg5+ Qg7 46. Qxh5
Qg6 47. Qh4 f4 48. Qd8 Qe4+ 49. Kg1 f3 50. Qg5+ Ng6 51. Qc1 Nf4 52. Qc8+ Kg7
53. Qd7+ Kh6 0-1

[Event "Frankfurt Ch 2007"]
[Site "Ffm-Kalbach, LAZ"]
[Date "2007.05.21"]
[Round "4.24"]
[White "Graebner, Walter"]
[Black "Ostermeier, Thorsten"]
[Result "1/2-1/2"]
[WhiteElo "2049"]
[BlackElo "1923"]
[PlyCount "51"]
[EventDate "2007.??.??"]

1. d4 d5 2. c4 e6 3. Nc3 Nf6 4. Bg5 c6 5. e3 Bb4 6. Bxf6 gxf6 7. Nf3 Nd7 8. Qc2
e5 9. g3 e4 10. Nh4 Nf8 11. Be2 Ng6 12. Nxg6 hxg6 13. h4 Bd7 14. O-O-O Qa5 15.
f4 f5 16. Kb1 Rc8 17. h5 Ke7 18. Qb3 Bxc3 19. Qxc3 Qxc3 20. bxc3 gxh5 21. Rh3
Rh6 22. Rdh1 Rg8 23. Bxh5 dxc4 24. Be2 Rxh3 25. Rxh3 b5 26. a3 1/2-1/2

[Event "Frankfurt Ch 2007"]
[Site "Ffm-Kalbach, LAZ"]
[Date "2007.05.21"]
[Round "4.25"]
[White "Ganjian, Mehrdad"]
[Black "Schöne, Matthias"]
[Result "0-1"]
[WhiteElo "1798"]
[BlackElo "2025"]
[PlyCount "86"]
[EventDate "2007.??.??"]

1. c4 Nf6 2. Nc3 d5 3. d4 g6 4. cxd5 Nxd5 5. e4 Nxc3 6. bxc3 c5 7. Be3 Bg7 8.
Bc4 Nc6 9. Ne2 O-O 10. O-O Qc7 11. Rc1 Rd8 12. h3 Na5 13. Bd3 e5 14. d5 c4 15.
Bc2 f5 16. f4 Be6 17. fxe5 Bxe5 18. Nd4 Bf7 19. exf5 Bxd5 20. Qg4 Bh2+ 21. Kh1
Qg3 22. Qxg3 Bxg3 23. fxg6 hxg6 24. Bxg6 Rf8 25. Nf5 Be5 26. Ne7+ Kg7 27. Bh5
Be4 28. Bf3 Bd3 29. Rf2 Rae8 30. Nd5 Nc6 31. Nb4 Bg3 32. Bc5 Bxf2 33. Bxf2 Nxb4
34. cxb4 Be4 35. Rxc4 Bxf3 36. gxf3 Rxf3 37. Kg2 Ra3 38. Rc2 Rf8 39. b5 b6 40.
Bd4+ Kg6 41. Bf2 Rf5 42. Rc6+ Kh5 43. Rc8 Rxa2 0-1

[Event "Frankfurt Ch 2007"]
[Site "Ffm-Kalbach, LAZ"]
[Date "2007.05.21"]
[Round "4.26"]
[White "Katrych, Viktor"]
[Black "Biegel, Thomas"]
[Result "0-1"]
[WhiteElo "1747"]
[BlackElo "2054"]
[PlyCount "54"]
[EventDate "2007.??.??"]

1. d4 d5 2. c4 c6 3. Nc3 dxc4 4. e3 b5 5. a4 b4 6. Na2 e6 7. Bxc4 Nf6 8. Nf3
Nbd7 9. Bd2 a5 10. Rc1 Qb6 11. b3 Bb7 12. O-O Be7 13. Re1 O-O 14. e4 c5 15. e5
Nd5 16. Be3 Rac8 17. Be2 Rfd8 18. Qd3 cxd4 19. Bxd4 Bc5 20. Bxc5 Nxc5 21. Qb1
Nf4 22. Rcd1 Ne4 23. Rxd8+ Rxd8 24. Bf1 Nh3+ 25. gxh3 Qxf2+ 26. Kh1 Ng3+ 27.
hxg3 Bxf3+ 0-1